000 01915nam1a22002531i 4500
001 rc\2333572
005 20260407192431.0
035 _a(NLR Aleph) 006583737
090 _a7072846
_c7072846
100 _a20110829d1977 |||y0rusy50 ca
101 0 _arus
102 _aRU
105 _a z |||||
200 1 _aПрогнозирование научно-технического прогресса
_e(Тезисы докл. 2 Всесоюз. науч. школы, Баку, 28.11.77-4.12.1977 г.)
_f[Ред. коллегия: Саркисян С.А. (пред.)] [и др.]. Ч. 1-
_gГос. ком. Совета Министров СССР по науке и технике. Науч. Совет по проблеме "Орг. и экономика науч.-техн. исслед. и разраб.". Всесоюз. Совет науч.-техн. о-в. Комис. по прогнозированию развития больших систем. Ком. по прикл. методам математики и вычислит. техники. Моск. авиац. ин-т. Азерб. респ. совет науч.-техн. о-в. Ком. по прогностике. Ин-т кибернетики АН АзССР. Белорус. НИИ НТИ и техн.-экон. исслед. Госплана БССР
210 _aМосква
_cБ. и.
_d1977
215 _d20
702 1 _aСаркисян
_bС.А.
_gСергей Арамович
_4340
712 0 1 _aСССР
_bКомитет по науке и технике
_bНаучный совет по проблеме "Организация и экономика научно-технических исследований и разработок"
_3RU\NLR\AUTH\8810125860
_9749113
801 0 _aRU
_bNLR
_gpsbo
801 1 _aRU
_bELAR
_2rusmarc
852 _aNLR
_j78-3/941
899 _aRuMoRGB
_jБ 77-38/271
899 _aRuMoRGB
_jБ 77-38/273
942 _cBOOK